000 00513nam a22001937a 4500
003 MPLRDC
005 20220104124506.0
008 210129b ||||| |||| 00| 0 eng d
020 _a7-5406-3407-3
082 _a408 MXEY v.4
100 _a张学铭
245 _a玉宇澄清万里埃: 大气环境的污染与治理
_c
250 _a一版一刷
260 _a
_b广东教育出版社
_c1995
300 _b
490 _a迈向21世纪科普丛书
650 _a科学知识
942 _cBK
_o408 MXEY v.4
999 _c19764
_d19754